| 000 | 00490nam a2200181Ia 4500 | ||
|---|---|---|---|
| 003 | GCL | ||
| 008 | 140319s9999 xx 000 0 eng d | ||
| 040 |
_aGCL / _cGCL |
||
| 082 | 0 | 4 |
_a620.11 _bB M |
| 100 | 1 | _aBENHAM, P. P. | |
| 245 | 1 | 0 |
_aMECHANICS OF ENGINEERING MATERIALS / _cBENHAM, P. P. |
| 700 | 1 | _aCRAWFORD, R. J. | |
| 260 |
_a[S.N] : _bELBS LONGMAN ، _c1994 |
||
| 300 | _a626 P | ||
| 650 | 0 | 4 | _aالتحليل الرياضى |
| 650 | 0 | 4 | _aMECHANICS ENGINEERING |
| 942 |
_2ddc _cBK |
||
| 999 |
_c19897 _d19897 |
||